Normal view
MARC view
- حوكمة الشركات- الاردن
Entry Topical Term
001 - CONTROL NUMBER
- control field: 59716
003 - CONTROL NUMBER IDENTIFIER
- control field: JO-AjAnu
005 - DATE AND TIME OF LATEST TRANSACTION
- control field: 20230606083749.0
008 - FIXED-LENGTH DATA ELEMENTS
- fixed length control field: 230606|| aca||aabn | a|a d
040 ## - CATALOGING SOURCE
- Original cataloging agency: JO-AjAnu
- Transcribing agency: JO-AjAnu
150 ## - HEADING--TOPICAL TERM
- Topical term or geographic name entry element: حوكمة الشركات- الاردن
670 ## - SOURCE DATA FOUND
- Source citation: Work cat.: (JO-AjAnu)30454: إعداد حداد، طارق كمال؛ إشراف بدر عايد القعيد, author 59715, اثر تطبيق الحاكمية المؤسسيه على تحسين الادء التشغيلي في هيئة تنظيم الطيران المدني في الأردن=The Impact of Applying Institutional Governance on the Operational Performance at Civil AviationRegulatory Commission in jordan